00393cam a22001217a 4500008004000000082001300040245006700053260003200120300000900152500002100161650004200182700004700224180718b1988 xxu||||| |||| 00| 0 eng d aY4000x54 aNational forest policycby Ministry of Environment and Forests aNew DelhibThe authorc1988 a13p. aLibrary has 1988 aForests and Forestry - Policy - India aIndia. Ministry of Environment and Forests